Erfolgreichste Nationen bei Biathlon-WM´s - Statistiken

Allgemein
  • Dieses Quiz wurde 6.323 mal gespielt
    5.423 seit der letzten Aktualisierung
  • Das Durchschnittsergebnis liegt bei 18 aus 22
Antwortstatistiken
Rang Land Gold Silber Bronze % Korrekt
2. Deutschland 86 69 56
99%
1. Norwegen 93 83 72
98%
5. Schweden 19 21 32
98%
7. Finnland 10 10 16
96%
3. Russland 73 72 50
96%
4. Frankreich 47 37 51
95%
11. Österreich 3 7 10
95%
14. Vereinigte Staaten 1 6 1
94%
6. Italien 12 12 15
91%
15. Kanada 1 2 1
88%
13. Polen 1 6 7
86%
10. Tschechien 6 8 12
82%
12. Slowenien 2 2 1
78%
18. China 0 3 0
77%
15. Slowakei 1 2 1
77%
8. Ukraine 7 10 21
75%
19. Lettland 0 1 2
71%
9. Belarus 6 8 13
70%
21. Estland 0 0 1
70%
21. Kroatien 0 0 1
55%
20. Rumänien 0 1 0
52%
17. Bulgarien 0 4 4
50%
Keine übereinstimmenden Quizze gefunden
Verteilung der Resultate
Anzahl Personen mit jedem Resultat
Perzentil nach korrekt beantworteten Fragen
Ihre Resultats-Entwicklung
Sie haben dieses Quiz seit der letzten Aktualisierung nicht gespielt